Capitals of the World - Statistics

General Stats
  • This quiz has been taken 6 times
  • The average score is 23 of 39
Answer Stats
Hint Answer % Correct
Algeria Algiers
100%
Andorra Andorra la Vella
100%
China Beijing
100%
Belize Belmopan
100%
Barbados Bridgetown
100%
Belgium Brussels
100%
Argentina Buenos Aires
100%
Australia Canberra
100%
Bangladesh Dhaka
100%
Afghanistan Kabul
100%
Angola Luanda
100%
Bahrain Manama
100%
Belarus Minsk
100%
Bahamas Nassau
100%
Benin Porto Novo/Cotonou
100%
Antigua and Barbuda Saint Johns
100%
Albania Tirana
100%
Ontario Toronto
100%
Austria Vienna
100%
Armenia Yerevan
100%
Texas Austin
80%
Alabama Montgomery
80%
Osaka Osaka
60%
Yemen Aden
20%
Adjara Batumi
20%
Bermuda Hamilton
20%
American Samoa Pago Pago
20%
Anguilla The Valley
20%
Zoe Abomey
0%
Tigray Axum
0%
Aceh Banda Aceh
0%
Akrotiri and Dhekelia Episkopi Cantonment
0%
Ascension Island Georgetown
0%
Anhui Hefei
0%
Aland Islands Mariehamn
0%
Adygea Maykop
0%
Aruba Oranjestad
0%
Acre Rio Branco
0%
Abkhazia Sukhumi
0%
No matching quizzes found
Score Distribution
Percent of People with Each Score
Percentile by Number Answered
Your Score History
You have not taken this quiz